Click Latin American Countries On A Map - Statistics

General Stats
  • This quiz has been taken 249 times
  • The average score is 18 of 20
Answers on the Map
Answers color-coded by a green-red scale on the quiz's map according to % correct below.
 
Answer Stats
Answer % Correct
Argentina
95%
Brazil
95%
Mexico
95%
Chile
93%
Colombia
93%
Cuba
90%
Dominican Republic
90%
Peru
90%
Ecuador
89%
Paraguay
89%
Uruguay
89%
Bolivia
88%
Panama
88%
Venezuela
88%
Guatemala
86%
Haiti
86%
El Salvador
82%
Costa Rica
78%
Honduras
78%
Nicaragua
76%
No matching quizzes found
Score Distribution
Percent of People with Each Score
Percentile by Number Answered
Your Score History
You have not taken this quiz